| 000 | 00659nam a2200217Ia 4500 | ||
|---|---|---|---|
| 001 | 8094 | ||
| 003 | GE_BSU | ||
| 008 | 181216s||||||||xx |||||||||||||| ||und|| | ||
| 040 | _cGE_BSU | ||
| 080 | _a621.892 | ||
| 100 | _aКулиев,А.М. | ||
| 245 | _aХимия и технология присадок к маслам и топливам. | ||
| 245 | _cРед. Е.А.Пинчук. | ||
| 250 | _a2-е изд. перераб. | ||
| 260 | _aЛ. | ||
| 260 | _bХимия. | ||
| 260 | _c1985. | ||
| 300 | _a312стр.с иил.22см. | ||
| 653 | _aХимия и технология присадок к маслам и топливам. | ||
| 942 | _cBK | ||
| 999 |
_c41432 _d41432 |
||